Strategic management
محفوظ في:
| المؤلف الرئيسي: | |
|---|---|
| التنسيق: | كتاب |
| اللغة: | Undetermined |
| منشور في: |
New York
McGraw-Hill
c1993
|
| الموضوعات: | |
| الوسوم: |
إضافة وسم
لا توجد وسوم, كن أول من يضع وسما على هذه التسجيلة!
|
| Thư viện lưu trữ: | Trung tâm Học liệu Trường Đại học Cần Thơ |
|---|
| LEADER | 00534nam a2200193Ia 4500 | ||
|---|---|---|---|
| 001 | CTU_109664 | ||
| 008 | 210402s9999 xx 000 0 und d | ||
| 082 | |a 658.4012 | ||
| 082 | |b D475 | ||
| 100 | |a Dess, Gregory G. | ||
| 245 | 0 | |a Strategic management | |
| 245 | 0 | |c Gregory G. Dess, Alex Miller | |
| 260 | |a New York | ||
| 260 | |b McGraw-Hill | ||
| 260 | |c c1993 | ||
| 650 | |a Strategic planning,Strategic planning | ||
| 650 | |x Case studies | ||
| 904 | |i Minh, Q. Hieu | ||
| 980 | |a Trung tâm Học liệu Trường Đại học Cần Thơ | ||